00689nam a22001815i 4500001000700000003000900007005001700016008004100033040003000074100003600104245007600140250001200216260006700228300002700295500012600322650002200448852003700470164796ES-MaACL20250721062642.0990423s1890 sp |||| | spa d aCCPB | B bspa cCCPB | B1 aSaralegui y Medina, Leandro de.10aTratado de economía política / cpor Leandro de Saralegui y Medina. a3ª ed. aFerrol : b[s.n.], c1890 (fImprenta y librería de R. Pita) a[2], 509 p. ; c24 cm. 1aConsta en port.: "Obra declarada de texto para el estudio de esta asignatura en la Escuela de Administración Naval ..."07aEconomía2embne aES-MaACLjF-1979 z-- Enc. pasta